00902cas a22002657a 450000500170000000800410001701000100005801100100006803500100007824501210008826000780020930000070028731000100029436200090030450000460031359000410035959000410040059000410044159000420048265000480052486600100057290100070058290500300058999900170061920220329142036.0990415d1898 mx ar pernn uub1spa d a77493 a78465 a8843000aAnales de la Sociedad Mexicana para el Cultivo de las Cienciasc/por Sociedad Mexicana para el Cultivo de la Ciencia0 aMéxico, D.F. :bSociedad Mexicana para el Cultivo de la Ciencia,c1898- av. aAnual a1898 aSe se dejó de recibir a partir de 1898. aBATCH-UPDb10c20130110lUCH01h1426 aBATCH-UPDb10c20130410lUCH01h0905 aBATCH-UPDb10c20130914lUCH01h0934 aCONVERSIONb10c20130109lUCH01h134314aCienciaxPublicaciones periódicas.923133 a-1898 aSE aMa. del Socorro Iturbe C. c77493d77493